| 000 | 00657nam a2200145 a 4500 | ||
|---|---|---|---|
| 008 | 060522s2005 xx |||||||||||||| || u | ||
| 050 | _aTHE/CHA/ST/01/2005 | ||
| 100 | _aChanda, Ellan Chanda | ||
| 245 | 1 | 0 |
_aEvaluation of the drilling pattern applied in longhole drilling at Konkola Copper Mines lower orebody _cthesis supervised by W.W. Samiselo |
| 260 |
_a _bCopperbelt University, School of Technology, Mining Department _c2005 |
||
| 350 | _a0.00 | ||
| 650 | _aMINING | ||
| 650 | _aMINING ENGINEERING | ||
| 995 |
_D0.00 _FCBU-MAIN LIBRARY (Kitwe) _H1 _I0.00 _M1 _UAVAILABLE _WMay 22, 2006 _ZUniversity Collection |
||
| 999 |
_c42696 _d42696 |
||